000 01000nam a2200181 a 4500
005 20140412111335.0
008 031017s19uu xx 00 eng d
020 _a0-02-683929-6
050 _aTR(GS 372.4
_bDe355 2000
245 _aDecodable takehome books (green) :
_blevel C set 1, full color version.
260 _aColumbus, Ohio :
_bSRA/McGraw-Hill,
_c2000.
300 _a128 p. ; ill.
440 _aSRA: Open Court Reading
500 _aContents: Sam the Super Spy--Pat and Hap--Todd's Box--Fun for Pups--The Best Lunch--Dinner for Hardtop--The Fake Snake--Dean's Team--Mike and Irene--The High Street Parade--Heroes--Nancy's Robot Tale--The Blimp Crew--Tracks in the Dirt--The King's Ring--Mom's Strange Speaking--The Bread Shop--Waldo's Amazing Show--Sootfoot and the Book--Clare's secret--The Frowning Clown--Claude the Tiger--The Toy Princess--The Wise Monkey--The Best Thing To Be.
650 _aReading--Study and Teaching
650 _aWriting--Study and Teaching
999 _c105020
_d105020